Мудрость Победы: книга бесед; Сибирь в войне; Номера дивизий, имена героев...; Воспоминания; Партнеры проекта
| مؤلفون مشاركون: | , |
|---|---|
| الملخص: | Книга представляет собой сборник воспоминаний ветеранов Великой Отечественной войны и тружеников тыла - жителей Томской области. Страницы воспоминаний предваряются статьями известных историков о вкладе воинов-сибиряков в победу над фашизмом. Также представлены размышления управленцев, действующих сегодня, о том, чем фронтовой опыт может быть полезен в наше время. Издание богато иллюстрировано. Представляет интерес для широкого круга читателей. |
| اللغة: | الروسية |
| منشور في: |
Томск, АМК "Сибирский проект", 2006
|
| TOC: | К. А. Чернов, Сибирь в войне; В. И. Голиков, Номера дивизий, имена героев...; Воспоминания; Партнеры проекта; |
| سلاسل: | Новый век Томска. Кто есть кто |
| الموضوعات: |
Сипайлов
> Г. А.
> Геннадий Антонович
> российский ученый
> электромеханик
> 1920-
> профессор Томского политехнического университета
> Томск
Сулакшин
> С. С.
> российский ученый
> геолог
> 1919-
> Степан Степанович
> Заслуженный профессор Томского политехнического университета
Чучалин
> И. П.
> физик
> ректор Томского института автоматизированных систем управления и радиоэлектроники (ТИАСУР), 1972-1981
> 1925-
> Иван Петрович
> ректор Томского политехнического института (ТПИ), 1981-1990
> выпускник ФТФ ТПИ 1951 г.
> TPU
> Томск
Моравецкий
> Д. В.
> спортсмен, тренер
> преподаватель кафедры физвоспитания ТПУ
> 1907-2006
> Дмитрий Владимирович
|
| التنسيق: | كتاب |
| KOHA link: | https://koha.lib.tpu.ru/cgi-bin/koha/opac-detail.pl?biblionumber=67296 |
MARC
| LEADER | 00000nam0a2200000 4500 | ||
|---|---|---|---|
| 001 | 67296 | ||
| 005 | 20231101212318.0 | ||
| 010 | |a 5985960013 | ||
| 035 | |a (RuTPU)RU\TPU\book\71659 | ||
| 090 | |a 67296 | ||
| 100 | |a 20040914d2006 m y0rusy50 ca | ||
| 101 | 0 | |a rus | |
| 102 | |a RU | ||
| 105 | |a a z 001zd | ||
| 200 | 1 | |a Мудрость Победы: книга бесед |f Агентство межсферных коммуникаций; Сибирский проект | |
| 210 | |a Томск |c АМК "Сибирский проект" |d 2006 | ||
| 215 | |a 80 с. |c ил. | ||
| 225 | 1 | |a Новый век Томска. Кто есть кто | |
| 317 | |5 63413507: КР-2357 |a Поступила в НТБ в 2017 г. в составе книжного собрания ректора ТПИ И. П. Чучалина | ||
| 318 | |5 63413507 |a Подвиг молодежи |b выставка | ||
| 320 | |a Указатель географических названий: с. 74-76 | ||
| 320 | |a Именной указатель: с. 76-78 | ||
| 330 | |a Книга представляет собой сборник воспоминаний ветеранов Великой Отечественной войны и тружеников тыла - жителей Томской области. Страницы воспоминаний предваряются статьями известных историков о вкладе воинов-сибиряков в победу над фашизмом. Также представлены размышления управленцев, действующих сегодня, о том, чем фронтовой опыт может быть полезен в наше время. Издание богато иллюстрировано. Представляет интерес для широкого круга читателей. | ||
| 464 | |t Сибирь в войне |f К. А. Чернов | ||
| 464 | |t Номера дивизий, имена героев... |f В. И. Голиков | ||
| 464 | |t Воспоминания | ||
| 464 | |t Партнеры проекта | ||
| 600 | 1 | |a Сипайлов |b Г. А. |g Геннадий Антонович |c российский ученый |c электромеханик |f 1920- |c профессор Томского политехнического университета |y Томск |2 stltpush |3 (RuTPU)RU\TPU\pers\12400 | |
| 600 | 1 | |a Сулакшин |b С. С. |c российский ученый |c геолог |f 1919- |g Степан Степанович |c Заслуженный профессор Томского политехнического университета |2 stltpush |3 (RuTPU)RU\TPU\pers\13908 | |
| 600 | 1 | |a Чучалин |b И. П. |c физик |c ректор Томского института автоматизированных систем управления и радиоэлектроники (ТИАСУР), 1972-1981 |f 1925- |g Иван Петрович |c ректор Томского политехнического института (ТПИ), 1981-1990 |c выпускник ФТФ ТПИ 1951 г. |x TPU |y Томск |2 stltpush |3 (RuTPU)RU\TPU\pers\11823 | |
| 600 | 1 | |a Моравецкий |b Д. В. |c спортсмен, тренер |c преподаватель кафедры физвоспитания ТПУ |f 1907-2006 |g Дмитрий Владимирович |2 stltpush |3 (RuTPU)RU\TPU\pers\17318 | |
| 600 | 1 | |a Тихомиров |b И. А. |c российский физик |c профессор Томского политехнического университета |f 1921- |g Иван Арсентьевич |y Томск |2 stltpush |3 (RuTPU)RU\TPU\pers\18334 | |
| 606 | 1 | |a Томская область в Великой Отечественной войне 1941-1945 |2 stltpush |3 (RuTPU)RU\TPU\subj\66914 |9 82890 | |
| 610 | 1 | |a история | |
| 610 | 1 | |a Россия | |
| 610 | 1 | |a СССР | |
| 610 | 1 | |a Томск | |
| 610 | 1 | |a Томская область | |
| 610 | 1 | |a Великая Отечественная война 1941-1945 | |
| 610 | 1 | |a воины-сибиряки | |
| 610 | 1 | |a воспоминания | |
| 610 | 1 | |a персоналии | |
| 610 | 1 | |a сибирские дивизии | |
| 610 | 1 | |a коллекция И. П. Чучалина | |
| 610 | 1 | |a дары библиотеке | |
| 686 | |a Т3(2)622-9 |v LBC/SL-A |2 rubbk | ||
| 686 | |a Ч611.68 |v LBC/SL-A |2 rubbk | ||
| 712 | 0 | 2 | |a Агентство межсферных коммуникаций |
| 712 | 0 | 2 | |a Сибирский проект |
| 801 | 1 | |a RU |b 63413507 |c 20040914 |g PSBO | |
| 801 | 2 | |a RU |b 63413507 |c 20220208 |g PSBO | |
| 942 | |c BK | ||